000 00565nam a22002177a 4500
003 UA-OsUOA
001 37191
007 ta
008 20060227b un ||||| |||| 00| 0 ukr d
100 _aКовалець Л.
090 _a82
_bК11
942 _cSA
040 _aUA-OsUOA
_bukr
_cUA-OsUOA
_dUA-OsUOA
245 _aЮрій Федькович у царині своєї лектури
300 _aС.36-51
955 _a0
041 _aukr
080 _a82
773 0 _w37187
650 7 _a82 Література. Літературознавство
_2UDC
999 _c323381
_d323381